000 01208cam a22002891 4500
001 gs 41000115
003 DLC
005 20260227111346.0
008 780218m19409999vauabcf b 000 0 eng c
010 _ags 41000115
035 _a(OCoLC)3649241
040 _aU.S. Geol. survey. Library
_cCCC
_dOCoLC
_dWaChenE
_dDLC
042 _apremarc
050 0 0 _aQE173
_b.A2 no. 52
100 1 _aButts, Charles,
_d1863-1946.
245 1 0 _aGeology of the Appalachian valley in Virginia,
_cby Charles Butts ... Prepared in cooperation with the United States Geological survey.
260 _aUniversity, Va.,
_c1940-
300 _a v.
_billus. (incl. maps) plates (part fold.) port.
_c23 cm.
490 1 _aVirginia. Geological survey. Bulletin
_v52
500 _aAt head of title: Commonwealth of Virginia. Virginia Conservation Commission. Virginia Geological survey, Arthur Bevan, state geologist.
504 _aBibliographical foot-notes.
505 0 _apt. 1. Geologic text and illustrations.--pt. II. Fossil plates and explanations.
650 0 _aGeology
_zVirginia.
710 2 _aGeological Survey (U.S.)
710 2 _aVirginia Geological Survey.
830 0 _aBulletin (Virginia Geological Survey)
_v52,
999 _c27725
_d27725